| 000 | 006250000a22001810004500 | ||
|---|---|---|---|
| 003 | MACL | ||
| 005 | 20160501154132.0 | ||
| 008 | 160501b xxu||||| |||| 00| 0 eng d | ||
| 040 |
_aMACL _cMACL |
||
| 041 | _aHindi | ||
| 082 | _a800 KHA | ||
| 100 |
_aखॉ, मौलाना वहीदुदीन _954828 |
||
| 245 |
_aकामयाबी के मॉच अध्याय _cमाैलाना वहीदुदीन खॉ |
||
| 260 |
_bवाग्देवी प्रकाशन _c2006 _aबीकानेर |
||
| 350 | _a240 | ||
| 650 |
_aLiterature _954829 |
||
| 942 |
_cHIN _k800/KHA/L _2ddc |
||
| 999 |
_c22450 _d22450 |
||